Vývoj agenta umelej inteligencie pre strategickú hru s obmedzeniami podobnými ľudským hráčom

Enregistré dans:
Détails bibliographiques
Auteur principal: Miškove, Adam (Auteur)
Autres auteurs: Krištofík, Štefan (Directeur de thèse)
Format: Manuscrit Livre
Langue:slovaque
Publié: 2025
Sujets:
Accès en ligne:http://is.stuba.sk/zp/portal_zp.pl?podrobnosti=184079
Tags: Ajouter un tag
Pas de tags, Soyez le premier à ajouter un tag!

MARC

LEADER 00000ntm a22000003a 4500
001 stuzp105842
003 SK-STU
005 20250607211812.0
007 ta
008 150427s2015----xo-----f-mn---000-0-slo-d
040 |a STU  |b slo 
041 0 |a slo 
100 1 |a Miškove, Adam  |u 070400  |4 aut  |U FIIT Fakulta informatiky a informačných technológií  |T FIIT Ústav počítačového inžinierstva a aplikovanej informatiky  |X 103056  |U I400  |Y 672  |7 103056 
242 0 1 |a Development of an artificial intelligence agent for a strategy game with human-like constraints.  |y eng 
245 1 0 |a Vývoj agenta umelej inteligencie pre strategickú hru s obmedzeniami podobnými ľudským hráčom 
260 |c 2025 
650 4 |a SC2  |2 eng 
650 4 |a AI  |2 eng 
650 4 |a DRL  |2 eng 
650 4 |a AI  |2 slo 
650 4 |a DRL  |2 slo 
650 4 |a SC2  |2 slo 
700 1 |a Krištofík, Štefan  |u 070400  |k Z8  |4 ths  |U FIIT Fakulta informatiky a informačných technológií  |T FIIT Ústav počítačového inžinierstva a aplikovanej informatiky  |X 24559  |U I400  |Y 672  |7 A000024559 
856 4 |u http://is.stuba.sk/zp/portal_zp.pl?podrobnosti=184079